Statistics for Top 15 Countries with Covid-19 Deaths - 3 June 2021

Click here to take the quiz!

General Stats

  • This quiz has been taken 14 times
  • The average score is 15 of 24

Answer Stats

total
deaths
country% Correct
469,784Brazil
100%
109,857France
100%
126,342Italy
100%
127,812United Kingdom
100%
611,611United States
100%
79,873Argentina
92%
89,605Germany
92%
80,099Spain
92%
340,719India
85%
228,146Mexico
85%
122,660Russia
85%
80,658Iran
77%
90,353Colombia
62%
74,075Poland
62%
185,380Peru
46%
Belgium
38%
Slovakia
38%
Bulgaria
31%
Croatia
31%
Czechia
31%
Hungary
31%
Slovenia
31%
Bosnia and
Herzegovina
23%
North Macedonia
15%

Score Distribution

Percentile by Number Answered

Percent of People with Each Score

Your Score History

You have not taken this quiz